ਸੰਤੋਖ ਸਿੰਘ ਧੀਰ (Record no. 908757)
[ view plain ]
| 000 -LEADER | |
|---|---|
| fixed length control field | 00943nam a2200265Ia 4500 |
| 003 - CONTROL NUMBER IDENTIFIER | |
| control field | OSt |
| 005 - DATE AND TIME OF LATEST TRANSACTION | |
| control field | 20221002043724.0 |
| 008 - FIXED-LENGTH DATA ELEMENTS--GENERAL INFORMATION | |
| fixed length control field | 220930b |||||||| |||| 00| 0 pan d |
| 020 ## - INTERNATIONAL STANDARD BOOK NUMBER | |
| International Standard Book Number | 8130202301 (hbk) |
| 037 ## - SOURCE OF ACQUISITION | |
| Terms of availability | Reference Collections |
| 040 ## - CATALOGING SOURCE | |
| Original cataloging agency | CRL |
| Transcribing agency | CRL |
| Language of cataloging | pun |
| 041 ## - LANGUAGE CODE | |
| Source of code | pun |
| Language code of text/sound track or separate title | pun |
| 100 ## - MAIN ENTRY--PERSONAL NAME | |
| Personal name | ਅਮਰਜੀਤ ਕੌਰ, ਥਦ. |
| 245 #0 - TITLE STATEMENT | |
| Title | ਸੰਤੋਖ ਸਿੰਘ ਧੀਰ |
| Remainder of title | ਸਿਮਰਤੀ ਗ੍ਰੰਥ |
| 260 ## - PUBLICATION, DISTRIBUTION, ETC. | |
| Place of publication, distribution, etc. | ਪਟਿਆਲਾ |
| Name of publisher, distributor, etc. | ਪੰਜਾਬੀ ਯੂਨੀਵਰਸਿਟੀ |
| Date of publication, distribution, etc. | 2011 |
| 300 ## - PHYSICAL DESCRIPTION | |
| Extent | 273ਪੰ |
| Dimensions | cm. |
| 650 ## - SUBJECT ADDED ENTRY--TOPICAL TERM | |
| Topical term or geographic name entry element | gzikph |
| 9 (RLIN) | 568649 |
| 650 ## - SUBJECT ADDED ENTRY--TOPICAL TERM | |
| Topical term or geographic name entry element | kfjs |
| 9 (RLIN) | 568650 |
| 942 ## - ADDED ENTRY ELEMENTS (KOHA) | |
| Classification part | O153,3N20j, Q1(RR) |
| Koha item type | |
| Source of classification or shelving scheme | Colon Classification (CC) |
| Withdrawn status | Lost status | Damaged status | Not for loan | Home library | Current library | Date acquired | Source of acquisition | Cost, normal purchase price | Total Checkouts | Full call number | Barcode | Date last seen | Cost, replacement price | Price effective from | Koha item type |
|---|---|---|---|---|---|---|---|---|---|---|---|---|---|---|---|
| Central Library | Central Library | 2022-10-02 | 619, 07/03/2012, H.K. Prakashan | 500.00 | O153,3N20j Q1(RR) | CL1432283 | 2022-10-02 | 500.00 | 2022-10-02 |
